Mecánica vectorial para ingenieros
Uloženo v:
| Hlavní autoři: | , |
|---|---|
| Médium: | Kniha |
| Jazyk: | španělština |
| Vydáno: |
Ciudad de México
McGraw Hill
1997
|
| Vydání: | 6a. ed |
| Témata: | |
| Tagy: |
Přidat tag
Žádné tagy, Buďte první, kdo vytvoří štítek k tomuto záznamu!
|
MARC
| LEADER | 00000nam a2200000 a 4500 | ||
|---|---|---|---|
| 001 | UCP1005 | ||
| 003 | CL-VaPUC | ||
| 008 | 990326e19970000MX |||||||||||||||||spa|d | ||
| 020 | |a 9701010213 | ||
| 082 | 0 | 4 | |a 620.1 |b BEE |2 21 |
| 100 | 0 | |a Beer, Ferdinand Pierre |e author |9 426731 | |
| 700 | 0 | |a Johnston, Ellwood Russell |e author |9 426732 | |
| 245 | 1 | 0 | |a Mecánica vectorial para ingenieros |
| 250 | |a 6a. ed | ||
| 300 | |a 2 v | ||
| 942 | |c BK | ||
| 945 | |d 19990326 00:00:00 |a aarredon | ||
| 260 | |a Ciudad de México |b McGraw Hill |c 1997 | ||
| 500 | |a Incluye diskettes | ||
| 500 | |a v.1: estática | ||
| 650 | 0 | |a Mecánica aplicada |9 260187 | |
| 650 | 0 | |a Estática |9 260452 | |
| 650 | 0 | |a Análisis vectorial |9 260451 | |
| 650 | 0 | |a Fuerza |9 345825 | |
| 650 | 0 | |a Equilibrio |9 362780 | |
| 650 | 7 | |a GRAVEDAD |2 CL-VaPUC |9 353396 | |
| 650 | 0 | |a Análisis de estructuras |9 346651 | |
| 650 | 7 | |a FRICCION |2 CL-VaPUC |9 346652 | |
| 650 | 7 | |a INERCIA |2 CL-VaPUC |9 344732 | |
| 583 | |a last modification |c 19990326 00:00:00 |k Rodrigo Vera | ||
| 999 | |c 279728 |d 279726 | ||
| 952 | |0 0 |1 0 |2 ddc |4 0 |6 620_100000000000000_BEE_1997 |7 0 |8 A |9 319463 |a BIBING |b BIBING |c RES |d 2019-11-20 |h v.1 |i 3493172 |o 620.1 BEE 1997 |p 3493172 |r 2025-01-20 |w 2019-11-20 |y BK |k CCI | ||
| 952 | |0 0 |1 0 |2 ddc |4 0 |6 620_100000000000000_BEE_1997 |7 0 |8 A |9 319464 |a BIBING |b BIBING |c RES |d 2019-11-20 |h v.1 |i 3493180 |o 620.1 BEE 1997 |p 3493180 |r 2025-01-20 |w 2019-11-20 |y BK |k CCI | ||
| 952 | |0 0 |1 0 |2 ddc |4 0 |6 620_100000000000000_BEE_1997 |7 0 |8 A |9 319465 |a BIBING |b BIBING |c RES |d 2019-11-20 |h v.1 |i 3493202 |o 620.1 BEE 1997 |p 3493202 |r 2025-01-20 |w 2019-11-20 |y BK |k CCI | ||
| 952 | |0 0 |1 0 |4 0 |6 620_100000000000000_BEE_1997 |7 0 |8 R |9 319466 |a BIBMEC |b BIBMEC |d 2019-11-20 |h v.1 |i 365026K |o 620.1 BEE 1997 |p 365026K |r 2024-01-19 |w 2019-11-20 |y BK_R |k MEC | ||
| 952 | |0 0 |1 0 |4 0 |6 620_100000000000000_BEE_1997 |7 0 |8 R |9 319467 |a BIBMEC |b BIBMEC |d 2019-11-20 |h v.1 |i 3650278 |o 620.1 BEE 1997 |p 3650278 |r 2024-01-19 |w 2019-11-20 |y BK_R |k MEC | ||
| 952 | |0 0 |1 0 |4 0 |6 620_100000000000000_BEE_1997 |7 0 |8 R |9 319468 |a BIBMEC |b BIBMEC |d 2019-11-20 |h v.1 |i 3650286 |o 620.1 BEE 1997 |p 3650286 |r 2024-01-19 |w 2019-11-20 |y BK_R |k MEC | ||
| 952 | |0 0 |1 0 |4 0 |6 620_100000000000000_BEE_1997 |7 0 |8 R |9 319470 |a BIBMEC |b BIBMEC |d 2019-11-20 |h v.2 |i 3650316 |o 620.1 BEE 1997 |p 3650316 |r 2024-01-19 |w 2019-11-20 |y BK_R |k MEC | ||
| 952 | |0 0 |1 0 |4 0 |6 620_100000000000000_BEE_1997 |7 0 |8 R |9 319471 |a BIBMEC |b BIBMEC |d 2019-11-20 |h v.2 |i 3650332 |o 620.1 BEE 1997 |p 3650332 |r 2024-01-19 |w 2019-11-20 |y BK_R |k MEC | ||
| 952 | |0 0 |1 0 |4 0 |6 620_100000000000000_BEE_1997 |7 0 |8 R |9 319472 |a BIBMEC |b BIBMEC |d 2019-11-20 |i 3685276 |o 620.1 BEE 1997 |p 3685276 |r 2024-01-19 |w 2019-11-20 |y BK_R |k MEC | ||
| 952 | |0 0 |1 0 |2 ddc |4 0 |6 620_100000000000000_BEE_1997 |7 0 |8 A |9 319473 |a BIBING |b BIBING |c RES |d 2019-11-20 |h v.1 |i 3780902 |o 620.1 BEE 1997 |p 3780902 |r 2025-01-20 |w 2019-11-20 |y BK |k EIQ | ||
| 952 | |0 0 |1 0 |2 ddc |4 0 |6 620_100000000000000_BEE_1997 |7 0 |8 A |9 319474 |a BIBING |b BIBING |c RES |d 2019-11-20 |h v.1 |i 3780899 |o 620.1 BEE 1997 |p 3780899 |r 2025-01-20 |w 2019-11-20 |y BK |k EIQ | ||
| 952 | |0 0 |1 0 |2 ddc |4 0 |6 620_100000000000000_BEE_1997 |7 0 |8 A |9 319475 |a BIBING |b BIBING |c RES |d 2019-11-20 |h v.1 |i 3780864 |o 620.1 BEE 1997 |p 3780864 |r 2025-01-20 |w 2019-11-20 |y BK |k EIQ | ||
| 952 | |0 0 |1 0 |2 ddc |4 0 |6 620_100000000000000_BEE_1997 |7 0 |8 A |9 319476 |a BIBING |b BIBING |c RES |d 2019-11-20 |h v.1 |i 3780872 |o 620.1 BEE 1997 |p 3780872 |r 2025-01-20 |w 2019-11-20 |y BK |k EIQ | ||
| 952 | |0 0 |1 0 |2 ddc |4 0 |6 620_100000000000000_BEE_1997 |7 0 |8 A |9 319477 |a BIBING |b BIBING |c RES |d 2019-11-20 |h v.1 |i 3780880 |l 2 |o 620.1 BEE 1997 |p 3780880 |r 2025-01-20 |s 2022-03-30 |w 2019-11-20 |y BK |k EIQ | ||
| 952 | |0 0 |1 0 |2 ddc |4 0 |6 620_100000000000000_BEE_1997 |7 0 |8 A |9 319478 |a BIBING |b BIBING |c RES |d 2019-11-20 |h v.2 |i 3780910 |o 620.1 BEE 1997 |p 3780910 |r 2025-01-20 |w 2019-11-20 |y BK |k EIQ | ||
| 952 | |0 0 |1 0 |2 ddc |4 0 |6 620_100000000000000_BEE_1997 |7 0 |8 A |9 319479 |a BIBING |b BIBING |c RES |d 2019-11-20 |h v.2 |i 3780929 |o 620.1 BEE 1997 |p 3780929 |r 2025-01-20 |w 2019-11-20 |y BK |k EIQ | ||
| 952 | |0 0 |1 0 |2 ddc |4 0 |6 620_100000000000000_BEE_1997 |7 0 |8 A |9 319480 |a BIBING |b BIBING |c RES |d 2019-11-20 |h v.2 |i 3780937 |l 1 |o 620.1 BEE 1997 |p 3780937 |r 2025-01-20 |s 2022-04-19 |w 2019-11-20 |y BK |k EIQ | ||
| 952 | |0 0 |1 0 |2 ddc |4 0 |6 620_100000000000000_BEE_1997 |7 0 |8 A |9 319481 |a BIBING |b BIBING |c RES |d 2019-11-20 |h v.1 |i 3823784 |l 1 |o 620.1 BEE 1997 |p 3823784 |r 2025-01-20 |s 2022-03-22 |w 2019-11-20 |y BK |k EII | ||
| 952 | |0 0 |1 0 |2 ddc |4 0 |6 620_100000000000000_BEE_1997 |7 0 |8 A |9 319482 |a BIBING |b BIBING |c RES |d 2019-11-20 |h v.1 |i 3998096 |o 620.1 BEE 1997 |p 3998096 |r 2025-01-20 |w 2019-11-20 |y BK |k TRA | ||
| 952 | |0 0 |1 0 |2 ddc |4 0 |6 620_100000000000000_BEE_1997 |7 0 |8 A |9 319483 |a BIBING |b BIBING |c RES |d 2019-11-20 |h v.1 |i 399810K |o 620.1 BEE 1997 |p 399810K |r 2025-01-20 |w 2019-11-20 |y BK |k TRA | ||
| 952 | |0 0 |1 0 |2 ddc |4 0 |6 620_100000000000000_BEE_1997 |7 0 |8 A |9 319484 |a BIBING |b BIBING |c RES |d 2019-11-20 |h v.1 |i 3998118 |o 620.1 BEE 1997 |p 3998118 |r 2025-01-20 |w 2019-11-20 |y BK |k TRA | ||
| 952 | |0 0 |1 0 |2 ddc |4 0 |6 620_100000000000000_BEE_1997 |7 0 |8 A |9 319485 |a BIBING |b BIBING |c RES |d 2019-11-20 |h v.1 |i 3998126 |o 620.1 BEE 1997 |p 3998126 |r 2025-01-20 |w 2019-11-20 |y BK |k TRA | ||
| 952 | |0 0 |1 0 |2 ddc |4 0 |6 620_100000000000000_BEE_1997 |7 0 |8 A |9 319486 |a BIBING |b BIBING |c RES |d 2019-11-20 |h v.1 |i 3998134 |o 620.1 BEE 1997 |p 3998134 |r 2025-01-20 |w 2019-11-20 |y BK |k TRA | ||
| 952 | |0 0 |1 0 |2 ddc |4 0 |6 620_100000000000000_BEE_1997 |7 0 |8 A |9 319487 |a BIBING |b BIBING |c RES |d 2019-11-20 |h v.1 |i 4051831 |o 620.1 BEE 1997 |p 4051831 |r 2025-01-20 |w 2019-11-20 |y BK |k TRA | ||
| 952 | |0 0 |1 0 |2 ddc |4 0 |6 620_100000000000000_BEE_1997 |7 0 |8 A |9 319488 |a BIBING |b BIBING |c RES |d 2019-11-20 |h v.1 |i 405184K |o 620.1 BEE 1997 |p 405184K |r 2025-01-20 |w 2019-11-20 |y BK |k TRA | ||